[Event "OP-2013-0-03176"]
[Site "LSS email"]
[Date "2013.12.18"]
[Round "?"]
[White "Lombardi, Donato"]
[Black "Teodoriu, Catalin"]
[Result "1-0"]
[WhiteElo "954"]
[BlackElo "800"]
[PlyCount "25"]
[EventDate "2013.12.12"]
[EventType "tourn (corr)"]
[EventRounds "4"]
[EventCountry "GER"]
[SourceTitle "Corr 2022"]
[Source "ChessBase"]
[SourceDate "2021.10.24"]
[SourceVersion "1"]
[SourceVersionDate "2021.10.24"]
[SourceQuality "1"]

1. e4 c5 2. Nf3 e6 3. d4 cxd4 4. Nxd4 a6 5. Nc3 d6 6. Be3 Nf6 7. Bd3 Be7 8. 0-0 0-0 9. f4 Nbd7 10. Qf3 Nc5 11. e5 dxe5 12. fxe5 Nfd7 13. Rad1 1-0